| 000 | 00446nam a2200157 4500 | ||
|---|---|---|---|
| 001 | 107829 | ||
| 003 | ES-MaACL | ||
| 005 | 20230906184512.0 | ||
| 007 | t| | ||
| 008 | 061121s1966 sp r ||||1| spa d | ||
| 100 | 1 |
_aMoreno Hernández, Miguel. _983385 |
|
| 245 | 1 | 0 |
_aEspaña a la vista / _cMiguel Moreno Hernández. |
| 260 |
_aMadrid : _b[s.n.], _c1966 ( _fIp. Velograf) |
||
| 300 |
_a159 p. ; _c18 cm. |
||
| 852 |
_aES-MaACL _jC-31170 _bR.61408 |
||
| 999 |
_c107829 _d107829 |
||